|
|
|
|
| LEADER |
00000nab a2200000 a 4500 |
| 001 |
vtls000102577 |
| 003 |
SK-MaSNL |
| 005 |
20260303194112.0 |
| 008 |
040806c1981 xo 0 slo |
| 015 |
|
|
|a SNBRB19rr/mm-uuuuu
|
| 035 |
|
|
|a CL0112680
|
| 040 |
|
|
|a SNKBUCL
|b slo
|c SNKBUCL
|e AACR2
|
| 041 |
0 |
|
|a slo
|
| 044 |
|
|
|a xo
|c SK
|
| 080 |
|
|
|a 792.2
|2 1981
|
| 100 |
1 |
|
|a Stanček, Ľubomír
|4 aut
|9 267870
|
| 245 |
1 |
0 |
|a Túžba žiť s ľuďmi
|b K inscenácií hry T. Williamsa Nedeľa pre bolesť ako stvorená na Malej scéne Slovenského národného divadla
|c Ľubomír Stanček
|
| 600 |
1 |
7 |
|a Williams, Tennessee,
|d 1914-1983
|t Nedeľa pre bolesť ako stvorená
|2 snkbucl
|9 1206527
|
| 610 |
2 |
7 |
|a Slovenské národné divadlo.
|b Činohra
|2 snkbucl
|9 32459
|
| 610 |
2 |
7 |
|a Slovenské národné divadlo.
|b Malá scéna
|2 snkbucl
|9 171800
|
| 655 |
|
7 |
|a recenzie
|2 snkbucl
|9 21907
|
| 655 |
|
7 |
|a články z novín a časopisov
|2 snkbucl
|9 267496
|
| 773 |
0 |
|
|t Smena
|g Roč. 34, č. 268 (12. 11. 1981), s. 6
|
| 850 |
|
|
|a Slovenská národná knižnica v Martine
|a MTA001
|
| 852 |
|
|
|a SNK
|b KIS3GCP
|
| 999 |
|
|
|c 2155694
|d 2157624
|